000 00675cab a2200217 4500
001 WB3201-19
008 090401t1995 xxu||||| |||| 00| 0 eng d
035 _a(Sirsi) u9306
041 _aeng
245 _aEC funding for environmental projects
260 _c1995
350 _a0
490 _aDoE News Release
_v(645) 19 December 1995, (3)
520 _aLists 15 UK projects selected for funding from the European Community`s "Financial instrument for the environment" (LIFE) Programme.
650 _aEC FUNDING
650 _aENVIRONMENTAL PROJECTS
650 _aLIFE PROGRAMME
690 _aENVIRONMENTAL AND LAND CONSULTANCY
942 _n0
948 _c04/03/1997
999 _c5791
_d5791